|
|
|
|
| LEADER |
00867Cab#a2200229#a#4500 |
| 001 |
023171 |
| 005 |
20250217100840.0 |
| 008 |
110909c1997####ag##################spa#d |
| 040 |
|
|
|a AR-BeUNQ
|
| 099 |
|
|
|a P-AR-PRI1
|
| 100 |
1 |
|
|a Rodríguez Pérsico, Adriana.
|
| 245 |
0 |
2 |
|a Comentario a la ponencia de María Teresa Gramuglio /
|c Adriana Rodríguez Pérsico.
|
| 300 |
|
|
|a p. 164-169
|
| 500 |
|
|
|a En Dossier: Ponencias, comentarios y debates de las Jornadas Ideas, Intelectuales y cultura. Problemas argentinos y perspectiva sudamericana. Mesa 2. Identidad y nación.
|
| 942 |
|
|
|c ANA
|n 0
|
| 600 |
1 |
4 |
|a Gramuglio, María Teresa,
|d 1939-.
|
| 600 |
1 |
4 |
|a Lugones, Leopoldo,
|d 1874-1938.
|t La guerra gaucha
|
| 650 |
|
7 |
|a Literatura (Arte)
|2 spines
|
| 650 |
|
7 |
|a Literatura argentina
|2 ttll
|
| 650 |
|
7 |
|a Nacionalismo
|2 spines
|
| 651 |
|
7 |
|a Argentina
|2 spines
|
| 999 |
|
|
|c 32289
|d 116089
|